Pierwsze "szóstki" plusligowych zespołów - Statystyki

Ogólne statystyki
  • Ten quiz został rozwiązany 246 razy
  • Średni wynik to 41 z 98
Statystyki odpowiedzi
Pozycja Zawodnik % Poprawnych
libero Zatorski
89%
przyjęcie Śliwka
85%
(ZAKSA) atak Kaczmarek
84%
rozegranie Toniutti
84%
środek Kochanowski
83%
środek Kłos
80%
rozegranie Łomacz
79%
(SKRA) atak Wlazły
74%
środek Smith
73%
przyjęcie Szalpuk
67%
libero Piechocki
66%
libero Popiwczak
65%
środek Wiśniewski
65%
środek Nowakowski
64%
środek Nowakowski
64%
przyjęcie Fornal
63%
rozegranie Janusz
63%
przyjęcie Kwolek
61%
libero Wojtaszek
61%
(JASTRZ.) atak Konarski
59%
rozegranie Komenda
58%
środek Wrona
58%
libero Szymura
55%
przyjęcie Szymura
55%
środek Gladyr
54%
rozegranie Kampa
54%
(ZAWIERCIE) atak Bociek
52%
rozegranie Masny
52%
przyjęcie Ebadipour
51%
rozegranie Firlej
49%
(KATO.) atak Jarosz
49%
(RADOM) atak Butryn
47%
(OLSZTYN) atak Hadrava
47%
środek Lemański
45%
libero Perry
45%
przyjęcie Tillie
45%
(RESOVIA) atak Bartman
44%
rozegranie Brizard
44%
(SUWAŁKI) atak Bołądź
43%
przyjęcie Buszek
43%
rozegranie Woicki
41%
przyjęcie Parodi
39%
przyjęcie Waliński
39%
przyjęcie Żaliński
39%
(GDAŃSK) atak Filipiak
38%
przyjęcie Halaba
38%
rozegranie Lipiński
38%
przyjęcie Lipiński
38%
środek Grzyb
37%
libero Koga
37%
(LUBIN) atak Ziobrowski
36%
przyjęcie Ferreira
34%
przyjęcie Lyneel
34%
przyjęcie Szerszeń
34%
libero Żurek
34%
libero Gruszczyński
33%
środek Kania
33%
środek Kosok
33%
(WARSZA.) atak Udrys
33%
środek Gawryszewski
32%
przyjęcie Marechal
32%
rozegranie Vincic
32%
przyjęcie Włodarczyk
32%
libero Olenderek
31%
środek Poręba
31%
libero Ruciak
31%
środek Vigrass
31%
środek Pajenk
30%
libero Potera
30%
przyjęcie Schott
30%
środek Crer
29%
libero Watten
29%
przyjęcie Andringa
28%
środek Dryja
28%
(BĘDZIN) atak Faryna
28%
środek Gunia
28%
środek Seyed
27%
rozegranie Tavares
27%
środek Zniszczoł
27%
przyjęcie Kwasowski
26%
rozegranie Pająk
26%
(BYDG.) atak Stern
26%
środek Gałązka
24%
środek Kalembka
23%
przyjęcie Peszko
22%
przyjęcie Protopsaltis
22%
środek Takvam
22%
przyjęcie Sobański
20%
przyjęcie Urbanowicz
20%
libero Filipowicz
18%
przyjęcie Sossenheimer
18%
przyjęcie Klinkenberg
17%
rozegranie Gonciarz
16%
środek Grzechnik
16%
środek Smoliński
14%
środek Siek
13%
przyjęcie Dvoranen
12%
środek Sacharewicz
11%
Nie znaleziono quizów pasujących do podanych kryteriów
Rozkład punktacji
Procent ludzi z każdym wynikiem
Percentyl według liczby udzielonych odpowiedzi
Twoja historia wyników
Nie rozwiązałeś tego quizu